000 00609nam a2200241Ia 4500
003 OSt
005 20220918202506.0
006 a|||||r|||| 00| 0
007 ta
008 220917b |||||||| |||| 00| 0 eng d
024 _a101,667
037 _cTextual
040 _aARTS
_cARTS
_beng
041 _2eng
_aeng
082 _aV236.A, L8
100 _aChandra A N
_998218
245 0 _aDate of Kurukshetra war
260 _aCalcutta
_bRatna Prak
_c1978
300 _a188p. tables
_ccm.
650 _aHISTORY
942 _hV236.A, L8
_cTEXL
_2CC
999 _c225127
_d225127